Flags | Level three (Regular) - Statistics

General Stats
  • This quiz has been taken 16 times
  • The average score is 31 of 46
Answer Stats
Picture Answer % Correct
California
92%
Finland
92%
South Korea
92%
Colombia
83%
Poland
83%
Argentina
75%
Czech
75%
Denmark
75%
Greece
75%
Iran
75%
Mexico
75%
Morocco
75%
New Zealand
75%
South Africa
75%
Spain
75%
Switzerland
75%
United Nations
75%
Albania
67%
Algeria
67%
Angola
67%
Austria
67%
Chile
67%
Egypt
67%
Indonesia
67%
Iraq
67%
Kazakhstan
67%
Libya
67%
Malaysia
67%
Netherlands
67%
Nigeria
67%
Philippines
67%
Saudi Arabia
67%
Serbia
67%
Syria
67%
Syria (old)
67%
Taliban
67%
Venezuela
67%
Democratic Republic of the Congo
58%
Guatemala
58%
Madagascar
58%
Peru
58%
Romania
58%
United Arab Emirates
58%
Zambia
50%
Christianity
0%
Islam
0%
No matching quizzes found
Score Distribution
Percent of People with Each Score
Percentile by Number Answered
Your Score History
You have not taken this quiz